Les starters Pokémon en images - Statistiques

Statistiques générales
  • Ce quiz a été pris 20 fois
  • Le résultat moyen est 65 sur 84
Statistiques - réponses
Ville Type de l'arène % Correct
Amphinobi-XY.png Amphinobi
100%
Arcko-RS.png Arcko
100%
Bulbizarre-RFVF.png Bulbizarre
100%
Carabaffe-RFVF.png Carabaffe
100%
Carapuce-RFVF.png Carapuce
100%
Dracaufeu-RFVF.png Dracaufeu
100%
Florizarre-RFVF.png Florizarre
100%
Herbizarre-RFVF.png Herbizarre
100%
Reptincel-RFVF.png Reptincel
100%
Salam%C3%A8che-RFVF.png Salamèche
100%
Tiplouf-DP.png Tiplouf
100%
Tortank-RFVF.png Tortank
100%
Tortipouss-DP.png Tortipouss
100%
Galifeu-RS.png Galifeu
94%
Gobou-RS.png Gobou
94%
H%C3%A9ricendre-HGSS.png Héricendre
94%
Kaiminus-LPZA.png Kaiminus
94%
Poussifeu-RS.png Poussifeu
94%
Torterra-DP.png Torterra
94%
Aligatueur-HGSS.png Aligatueur
88%
Bras%C3%A9gali-RS.png Braségali
88%
Chimpenfeu-DP.png Chimpenfeu
88%
Germignon-LPZA.png Germignon
88%
Grenousse-XY.png Grenousse
88%
Gruikui-LPZA.png Gruikui
88%
Jungko-RS.png Jungko
88%
Marisson-XY.png Marisson
88%
M%C3%A9ganium-HGSS.png Méganium
88%
Moustillon-NB.png Moustillon
88%
Ouisticram-DP.png Ouisticram
88%
Pingol%C3%A9on-DP.png Pingoléon
88%
Roitiflam-NB.png Roitiflam
88%
Vip%C3%A9lierre-NB.png Vipélierre
88%
Boskara-DP.png Boskara
81%
Brindibou-SL.png Brindibou
81%
Feunnec-XY.png Feunnec
81%
Flobio-RS.png Flobio
81%
Grotichon-NB.png Grotichon
81%
Laggron-RS.png Laggron
81%
Macronium-HGSS.png Macronium
81%
Massko-RS.png Massko
81%
Simiabraz-DP.png Simiabraz
81%
Typhlosion-HGSS.png Typhlosion
81%
Arch%C3%A9duc-SL.png Archéduc
75%
Clamiral-NB.png Clamiral
75%
Crocrodil-HGSS.png Crocrodil
75%
Feurisson-HGSS.png Feurisson
75%
Lianaja-NB.png Lianaja
75%
Mateloutre-NB.png Mateloutre
75%
Otaquin-SL.png Otaquin
75%
Poussacha-EV.png Poussacha
75%
Prinplouf-DP.png Prinplouf
75%
Cro%C3%A2poral-XY.png Croâporal
69%
Effl%C3%A8che-SL.png Efflèche
69%
F%C3%A9linferno-SL.png Félinferno
69%
Flambino-EB.png Flambino
69%
Flamiaou-SL.png Flamiaou
69%
Gorythmic-EB.png Gorythmic
69%
Larm%C3%A9l%C3%A9on-EB.png Larméléon
69%
Majaspic-NB.png Majaspic
69%
Oratoria-SL.png Oratoria
69%
Otarlette-SL.png Otarlette
69%
Ouistempo-EB.png Ouistempo
69%
Bogu%C3%A9risse-XY.png Boguérisse
63%
L%C3%A9zargus-EB.png Lézargus
63%
Matoufeu-SL.png Matoufeu
63%
Palmaval-EV.png Palmaval
63%
Pyrobut-EB.png Pyrobut
63%
Roussil-XY.png Roussil
63%
Blind%C3%A9pique-XY.png Blindépique
56%
Chochodile-EV.png Chochodile
56%
Coiffeton-EV.png Coiffeton
56%
Crocogril-EV.png Crocogril
56%
Fl%C3%A2migator-EV.png Flâmigator
56%
Goupelin-XY.png Goupelin
56%
Lapyro-EB.png Lapyro
56%
Miascarade-EV.png Miascarade
56%
Arrozard-EB.png Arrozard
50%
Badabouin-EB.png Badabouin
50%
Canarbello-EV.png Canarbello
50%
Broussatif-VV.png Broussatif
44%
Og%C3%A9ko-VV.png Ogéko
44%
Caloulou-VV.png Caloulou
38%
Matourgeon-EV.png Matourgeon
38%
Aucun quiz correspondant
Distribution des résultats
% des personnes avec chaque résultat
Percentile par nombre de réponses
Votre historique - résultats
Vous n’avez pas pris ce quiz